| 000 | 00729cam a2200157 a 4500 | ||
|---|---|---|---|
| 040 | _cDLC | ||
| 082 | _a333 INT 2002 C163 Or. | ||
| 245 | 0 | 0 |
_aBiodiversity in the Eastern Himalayas : _bconservation through dialogue : summary reports of workshops on biodiversity conservation in the Hindu Kush-Himalayan Ecoregion / |
| 260 |
_aKathmandu : _bInternational Centre for Integrated Mountain Development, _c2002. |
||
| 300 |
_a254 p. : _bill. (chiefly col.), maps (some col.) ; _c25 cm. |
||
| 520 | _aWith reference to Burmese, Chinese and Indian regions; summaries of studies. | ||
| 650 | 0 | _aBiodiversity conservation | |
| 700 | 1 | _aChen, Guangwei. | |
| 710 | 2 | _aInternational Centre for Integrated Mountain Development. | |
| 942 | _cEK | ||
| 999 |
_c19179 _d19179 |
||